| 000 | 00381nam a2200157Ia 4500 | ||
|---|---|---|---|
| 008 | 151213s9999 xx 000 0 und d | ||
| 100 | _aRobert Browning | ||
| 245 |
_aThe Ring and The Book _cRobert Browning |
||
| 250 | _a1st | ||
| 260 |
_aUSA _bThe Norton Library _c1961 |
||
| 300 | _a4466 p. | ||
| 650 | _aEnglish | ||
| 650 | _aPoem | ||
| 700 | _aRobert Browning | ||
| 999 |
_c2841 _d2841 |
||